Cities of Orange County on a Map - Statistics

General Stats
  • This quiz has been taken 68 times
  • The average score is 22 of 34
Answers on the Map
Answers color-coded by a green-red scale on the quiz's map according to % correct below.
 
Answer Stats
Population Answer % Correct
346,824 Anaheim
97%
198,711 Huntington Beach
89%
307,670 Irvine
89%
85,239 Newport Beach
89%
310,227 Santa Ana
89%
23,032 Laguna Beach
84%
139,911 Orange
84%
64,293 San Clemente
78%
171,949 Garden Grove
76%
33,107 Dana Point
70%
64,355 Laguna Niguel
70%
93,653 Mission Viejo
70%
111,918 Costa Mesa
68%
143,617 Fullerton
68%
80,276 Tustin
68%
90,911 Westminster
68%
52,176 Aliso Viejo
62%
31,374 Laguna Hills
62%
35,196 San Juan Capistrano
62%
25,242 Seal Beach
62%
68,336 Yorba Linda
62%
17,644 Laguna Woods
59%
47,325 Brea
57%
57,047 Fountain Valley
57%
85,858 Lake Forest
54%
5,843 Villa Park
54%
84,034 Buena Park
51%
50.151 Cypress
49%
51,824 Placentia
49%
47,949 Rancho Santa Margarita
49%
63,097 La Habra
46%
37,962 Stanton
46%
15,581 La Palma
38%
11,780 Los Alamitos
38%
No matching quizzes found
Score Distribution
Percent of People with Each Score
Percentile by Number Answered
Your Score History
You have not taken this quiz